Countries With Letter "A" - Statistics

General Stats
  • This quiz has been taken 58 times
    25 since last reset
  • The average score is 131 of 165
Answer Stats
Countries With "A" % Correct
Afghanistan
93%
Albania
93%
Andorra
93%
Argentina
93%
Austria
93%
Brazil
93%
China
93%
Dominica
93%
Dominican Republic
93%
Estonia
93%
France
93%
Germany
93%
Haiti
93%
Iceland
93%
Italy
93%
Jamaica
93%
Japan
93%
Latvia
93%
Lithuania
93%
Netherlands
93%
New Zealand
93%
North Korea
93%
Panama
93%
Paraguay
93%
Poland
93%
Russia
93%
Serbia
93%
Slovakia
93%
South Africa
93%
South Korea
93%
South Sudan
93%
Sudan
93%
Switzerland
93%
United States Of America
93%
Angola
86%
Armenia
86%
Australia
86%
Bahrain
86%
Belarus
86%
Bolivia
86%
Botswana
86%
Canada
86%
Central African Republic
86%
Chad
86%
Colombia
86%
Costa Rica
86%
Croatia
86%
Cuba
86%
Denmark
86%
Ethiopia
86%
Finland
86%
Guyana
86%
India
86%
Indonesia
86%
Iran
86%
Iraq
86%
Ireland
86%
Kazakhstan
86%
Kenya
86%
Madagascar
86%
Malaysia
86%
Mali
86%
Mauritania
86%
Moldova
86%
Monaco
86%
Nicaragua
86%
Nigeria
86%
North Macedonia
86%
Norway
86%
Oman
86%
Pakistan
86%
Qatar
86%
Saint Kitts And Nevis
86%
Saint Lucia
86%
Singapore
86%
Slovenia
86%
Thailand
86%
Turkmenistan
86%
Uruguay
86%
Vatican City
86%
Venezeula
86%
Algeria
79%
Antigua And Barbuda
79%
Barbados
79%
Bhutan
79%
Bosnia And Herzegovina
79%
Cambodia
79%
Cameroon
79%
Ecuador
79%
El Salvador
79%
Eritrea
79%
Ghana
79%
Guatemala
79%
Honduras
79%
Hungary
79%
Israel
79%
Jordan
79%
Laos
79%
Lebanon
79%
Liberia
79%
Libya
79%
Malta
79%
Marshall Islands
79%
Mauritius
79%
Micronesia
79%
Mozambique
79%
Myanmar
79%
Namibia
79%
Nepal
79%
Palau
79%
Portugal
79%
Romania
79%
Rwanda
79%
Saint Vincent And Grenadies
79%
San Marino
79%
São Tomé and Príncipe
79%
Saudi Arabia
79%
Spain
79%
Sri Lanka
79%
Suriname
79%
Tajikistan
79%
Tonga
79%
Tuvalu
79%
United Arabic Emirates
79%
Vietnam
79%
Zambia
79%
Zimbabwe
79%
Bangladesh
71%
Burkina Faso
71%
Democratic Republic of the Congo
71%
Equatorial Guinea
71%
Eswatini
71%
Gambia
71%
Georgia
71%
Grenada
71%
Guinea
71%
Ivory Coast
71%
Kuwait
71%
Malawi
71%
Maldives
71%
Mongolia
71%
Somalia
71%
Uganda
71%
Ukraine
71%
Uzbekistan
71%
East Timor
64%
Gabon
64%
Guinea Bissau
64%
Nauru
64%
Papua New Guinea
64%
Samoa
64%
Senegal
64%
Sierra Leone
64%
Syria
64%
Tanzania
64%
Trinidad And Tobago
64%
Vanuatu
64%
Bulgaria
57%
Kiribati
57%
Tunisia
57%
Palestine
21%
Azerbeijan
7%
Kyrgystan
7%
Philipines
7%
Somolon Islands
7%
No matching quizzes found
Score Distribution
Percent of People with Each Score
Percentile by Number Answered
Your Score History
You have not taken this quiz since the last reset